Conservation and environmental management in Madagascar / (Record no. 19325)

000 -LEADER
fixed length control field 00599cam a22001934i 4500
020 ## - INTERNATIONAL STANDARD BOOK NUMBER
ISBN 9780415528771 (hbk)
020 ## - INTERNATIONAL STANDARD BOOK NUMBER
ISBN 9780203118313 (ebk)
040 ## - CATALOGING SOURCE
Transcribing agency IEN
082 00 - DEWEY DECIMAL CLASSIFICATION NUMBER
Classification number 333 BAN 2007 C165 Or.
245 00 - TITLE STATEMENT
Title Conservation and environmental management in Madagascar /
300 ## - PHYSICAL DESCRIPTION
Number of Pages xxiii, 374 pages :
Other physical details illustrations ;
Dimensions 24 cm
490 0# - SERIES STATEMENT
Series statement Earthscan conservation and development series.
650 #0 - SUBJECT ADDED ENTRY--TOPICAL TERM
Topical Term Conservation of natural resources
650 #0 - SUBJECT ADDED ENTRY--TOPICAL TERM
Topical Term Biodiversity conservation
650 #0 - SUBJECT ADDED ENTRY--TOPICAL TERM
Topical Term Natural resources
650 #0 - SUBJECT ADDED ENTRY--TOPICAL TERM
Topical Term Environmental policy
700 1# - ADDED ENTRY--PERSONAL NAME
Personal name Scales, Ivan R.,
942 ## - ADDED ENTRY ELEMENTS (KOHA)
Koha item type ADB
952 ## - LOCATION AND ITEM INFORMATION (KOHA)
Withdrawn status [LOCAL, KOHA] 0
Holdings
Source of acquisition Permanent Location Date acquired Koha item type Lost status Shelving location Current Location Full call number
A32754Library Block C2020-09-23សៀវភៅភាសាអង់គ្លេស C165Library Block C333 BAN 2007 C165 Or.
មជ្ឈមណ្ឌលឯការនៃសាកលវិទ្យាល័យភូមិន្ទកសិកម្មចំការដូង

Powered by Koha